Peppa pig - Shirt colors - Statistics

General Stats
  • This quiz has been taken 247 times
  • The average score is 7 of 8
Answer Stats
Hint Answer % Correct
George pig Blue
99%
Peppa pig Red
99%
Peppa’s mom Orange
97%
Suzy sheep Pink
92%
Peppa’s dad Green
91%
Danny dog Purple
85%
Emily elephant Yellow
79%
Rebecca rabbit Light blue
39%
No matching quizzes found
Score Distribution
Percent of People with Each Score
Percentile by Number Answered
Your Score History
You have not taken this quiz